00668 2200265 4500001002100000005001500021035002500036008004100061082001000102090001800112100001900130245005200149250001000201260003300211300003000244650002400274850001200298999001500310007000300325040001700328084001600345990001500361990001500376990001100391YOGYA-0209000003299420241003103943 a0010-020900000032994090227s1987 jtia e ind d a133.4 aT 133.4 ORA o aOrakas, Suroso aOccultisme :bpenyembuhan gaib /cSuroso Orakas aCet.3 aPekalongan :bBahagia,c1987 a90 hlm. :bilus. ;c21 cm aPengobatan--xSihir aYOPDYOG a96P0082063ta aYOPDYOGbind a133.4 ORA o a82063-P/96 a82065-P/96 a7967-P